00532nam a22001697a 450000500170000001000150001702000270003203500140005903700130007308200120008610000230009824500610012126000390018227000710022130000200029250000500031220191122171939.0 aENG-127001 a9788184202366c1100.00 aEN-110533 bDBAD/PUB a305.560 aMukesh Kumar Singh aCaste and reservation in India /cby Mukesh Kumar Singh  aNew Delhic2010bSumit Enterprises a4649B/21, Ansari Road, Darya GanjbNew Delhie110002k011-23279353 a293p.c21cm(Hb) aIncludes bibliographical references and index